000 00921nam a2200253 a 4500
001 000017825
005 20200929165237.0
008 100406s1986 dr c 000 0 spa d
040 _aDO-SdBNP
_bspa
_cBNPHU
082 _a927.9
_bC614p
100 1 _aClase, Porfirio,
_d1953-
_938725
245 1 0 _aPorfirio Rubirosa /
_cPablo Clase ; prólogo Pedro René Contín Aybar.
260 _aSanto Domingo :
_bTaller,
_c1986.
300 _a178 p. :
_bretrs. ;
_c21 cm.
490 1 _aBiblioteca Taller
_vv. 215
500 _aIncluye datos biográficos del autor en la contracubierta
504 _aIncluye bibliografías (p. 172-176)
600 1 4 _aRUBIROSA, PORFIRIO,
_d1909-1965
_97030
650 4 _aDiplomáticos
_zRepública Dominicana
_xBiografías
_96946
650 4 _aCelebridades
_xBiografías
_97033
700 1 _aContín Aybar, Pedro René,
_epról.
_923772
830 0 _aBiblioteca Taller
_nno. 215
_938726
049 _aBNPD
999 _c17349
_d17349